| 000 | 00430nam a22001697a 4500 | ||
|---|---|---|---|
| 999 |
_c532443 _d532443 |
||
| 003 | NUST | ||
| 005 | 20191120161031.0 | ||
| 008 | 191120b ||||| |||| 00| 0 eng d | ||
| 020 | _a0727757598 | ||
| 024 | _a 9780727757593 | ||
| 038 | _aMSOHAIL | ||
| 082 | _a0 | ||
| 245 | _aCESMM4: Civil Engineering Standard Method of Measurement Examples | ||
| 260 |
_aLondon _bICE Publishing _cc2012 |
||
| 300 | _ap;111 | ||
| 942 |
_2ddc _cBK |
||